Seruan hati

Bibliographic Details
Main Author: Azilawati Mat Angsar
Format: Book
Published: Selangor : Jemari Seni Sdn Bhd , 2014
Subjects:

MARC

LEADER 00000cam a2200000 7i4500
001 0000067863
005 20161113.0
008 161113
020 |a 9789670508979 
090 0 0 |a AZI   |b MAL 
100 0 |a Azilawati Mat Angsar 
245 1 0 |a Seruan hati   |c Azilawati Mat Angsar 
260 |a Selangor :   |b Jemari Seni Sdn Bhd ,   |c 2014 
300 |a 616p. :   |b ill. ;   |c 19cm. 
500 |a Novel 
650 0 |a Malay fiction 
650 0 |a Novel Malay 
999 |a 0001405295   |b Book   |c Adult Collection   |e Cawangan Taman Sri Lambak 
999 |a 0001405316   |b Book   |c Adult Collection   |e Cawangan Batu Pahat 
999 |a 0001405318   |b Book   |c Adult Collection   |e Cawangan Bandar Tenggara 
999 |a 0001405319   |b Book   |c Children Collection   |e Cawangan Bukit Gambir 
999 |a 0001406287   |b Book   |c Adult Collection   |e Cawangan Taman Universiti 
999 |a 0001406288   |b Book   |c Adult Collection   |e Cawangan Taman Sri Lambak 
999 |a 0001406289   |b Book   |c Children Collection   |e Cawangan Bukit Gambir 
999 |a 0001406290   |b Book   |c Adult Collection   |e Cawangan Pontian 
999 |a 0001406291   |b Book   |c Adult Collection   |e Cawangan Segamat 
999 |a 0001406292   |b Book   |c Adult Collection   |e Cawangan Bandar Tenggara 
999 |a 0001406294   |b Book   |c Adult Collection   |e Cawangan Tmn. Ungku Tun Aminah 
999 |a 0001406295   |b Book   |c Adult Collection   |e Cawangan Mersing 
999 |a 0001406296   |b Book   |c Adult Collection   |e Cawangan Bandar Penawar 
999 |a 0001406297   |b Book   |c Adult Collection   |e Cawangan Tangkak 
999 |a 0001406300   |b Book   |c Adult Collection   |e Cawangan Sri Merlong 
999 |a 0001408121   |b Book   |c Adult Collection   |e Cawangan Urban Transformation Centre 
999 |a 0001408122   |b Book   |c Adult Collection   |e Perbadanan Perpustakaan Awam Johor 
999 |a 0001408123   |b Book   |c Adult Collection   |e Perbadanan Perpustakaan Awam Johor